Narrativas históricas /

Detalles Bibliográficos
Autor principal: Gómez Jaime de Abadía, Herminia (Autor)
Otros Autores: Rodríguez, Valentina (Editor, contributor agent of text.), Veloza, Daniela (Editor, contributor agent of text.)
Formato: Electrónico eBook
Lenguaje:español
Publicado: Bogotá, D.C., Colombia : Editorial UTADEO, [2025]
Colección:Animal de letras ; no. 6.
Materias:
Acceso en línea:Digitalia Hispánica

MARC

LEADER 00000nam a2200000Ii 4500
001 DIGEJTLOZ240
003 NyNyDIG
006 m o d
007 cr |||||||||||
008 251104s2025 ck o 000 0 spa d
035 |a (OCoLC)1542871723 
040 |a DGITA  |b eng  |e rda  |e pn  |c DGITA 
020 |a 9789587253788  |q digital 
020 |z 9789587253795  |q impreso 
024 7 |a https://doi.org/10.21789/9789587253788  |2 doi 
050 1 4 |a PQ8161 ebook 
100 1 |a Gómez Jaime de Abadía, Herminia,  |e author. 
245 1 0 |a Narrativas históricas /  |c Herminia Gómez Jaime ; dirección y prólogo, Valentina Rodríguez y Daniela Veloza ; recopilación, transcripción y corrección de estilo, Valentina Rodríguez [and 8 others]. 
264 1 |a Bogotá, D.C., Colombia :  |b Editorial UTADEO,  |c [2025] 
300 |a 1 online resource. 
336 |a text  |b txt  |2 rdacontent 
337 |a computer  |b c  |2 rdamedia 
338 |a online resource  |b cr  |2 rdacarrier 
347 |a text file  |2 rdaft 
347 |b PDF 
490 1 |a Animal de letras ;  |v no. 6 
588 0 |a Online resource; title from PDF title page (Digitalia, viewed November 4, 2025) 
600 1 0 |a Gómez Jaime de Abadía, Herminia  |x Criticism and interpretation. 
650 0 |a Colombian literature  |x History and criticism. 
700 1 |a Rodríguez, Valentina,  |e editor,  |e contributor agent of text. 
700 1 |a Veloza, Daniela,  |e editor,  |e contributor agent of text. 
791 2 |a Digitalia (Firm),  |e distributor. 
793 0 |g Digitalia eBook Collection:  |a Editorial Jorge Tadeo Lozano 
776 0 8 |i Print version:  |a Gómez Jaime de Abadía, Herminia.  |t Narrativas históricas.  |d Bogotá D.C., Colombia : Editorial UTADEO, [2025]  |z 9789587253795 
830 0 |a Animal de letras ;  |v no. 6.  
856 4 0 |3 Digitalia Hispánica  |u https://www.digitaliapublishing.com/a/180930/ 
910 |a Premium collection: 2025